000 00666nam a2200253Ia 4500
005 20260121154812.0
008 008 260114s9999 xx 000 0 eng d
020 _a9780429058288
037 _aEBOOK
040 _aCRL
040 _beng
040 _cCRL
041 _2eng
041 _aeng
084 _qCRL
100 _a Zahra R. Babar; Roel Meijer; James N. Sater
_91011687
245 0 _aRoutledge Handbook of Citizenship in the Middle East and North Africa
260 _bTaylor and Francis
260 _c2021
856 _uhttp://www.taylorfrancis.com/books/9780429058288
942 _cEBOOK
999 _c1578506
_d1578506